| 000 | 01040cam a22003137a 4500 | ||
|---|---|---|---|
| 003 | CHAP | ||
| 005 | 20220329133339.0 | ||
| 008 | 971013s1986 r 00010 d | ||
| 010 | _a5223 | ||
| 011 | _a6195 | ||
| 035 | _a5415 | ||
| 040 | _cCHAP | ||
| 082 |
_a581.69 _bC65 |
||
| 110 |
_aCommonwealth Agricultural Bureaux International _925961 |
||
| 245 | 0 |
_aPlant poisoning in animals _b: a bibliography from the world literature, 1980 - 82 |
|
| 260 |
_aLondon : _bCAB International, _c1986 |
||
| 300 | _a92 p. | ||
| 590 |
_aBATCH-UPD _b10 _c20130110 _lUCH01 _h0920 |
||
| 590 |
_aBATCH-UPD _b10 _c20130410 _lUCH01 _h0542 |
||
| 590 |
_aBATCH-UPD _b10 _c20130914 _lUCH01 _h1921 |
||
| 590 |
_aCONVERSION _b10 _c20130109 _lUCH01 _h1304 |
||
| 650 | 1 | 4 |
_aPlatulas _xGerminación. _989143 |
| 650 | 1 | 4 |
_aToxicología veterinaria. _9114457 |
| 700 | 0 |
_aHails, Michel R. _952248 |
|
| 901 | _aBK | ||
| 942 | _cLIBRO | ||
| 949 |
_a581.69 C65 _bBC _cC _d33724000524278 _eC _h81467 _i5415 _si |
||
| 949 |
_a581.69 C65 _bBC _cC _d33724000524385 _eC _fc.2 _h81468 _i5415 _si |
||
| 999 |
_c5223 _d5223 |
||